Đắc nhân tâm = How to win friends and influence people

Guardado en:
Detalles Bibliográficos
Autor principal: Dale Carnegie
Formato: Libro
Lenguaje:Undetermined
Publicado: Hà Nội Văn Hóa 1999
Materias:
Etiquetas: Agregar Etiqueta
Sin Etiquetas, Sea el primero en etiquetar este registro!
Thư viện lưu trữ: Trung tâm Học liệu Trường Đại học Cần Thơ
LEADER 00542nam a2200181Ia 4500
001 CTU_35929
008 210402s9999 xx 000 0 und d
082 |a 158.1 
082 |b C289đ/1999 
100 |a Dale Carnegie 
245 0 |a Đắc nhân tâm 
245 0 |b = How to win friends and influence people 
245 0 |c Dale Carnegie, Nguyễn Hiến Lê, P Hiếu 
260 |a Hà Nội 
260 |b Văn Hóa 
260 |c 1999 
650 |a psychology, applied 
980 |a Trung tâm Học liệu Trường Đại học Cần Thơ